01391nam a2200277 a 4500008004100000020001800041035001200059040004100071041001300112082001900125110005400144245034700198260006000545300004700605546004400652610003800696650003800734650003800772700003800810700002700848700003400875700003100909700003100940999001700971952012500988111014s2009 ck a gr 00010 spa d a9789589349205 aCO-JMCR aCO-JMCRbspa cCO-JMCRdCO-JMCRerda1 aspaaeng04a759.986 bM98g1 aMuseo de Arte Moderno (Bogotá, Colombia)94407613aLa guerra que no hemos visto : un proyecto de memoria histórica =bThe war we have not seen : a historical memory project / cMuseo de Arte Moderno de Bogotá ; proyecto de Juan Manuel Echavarría ; introducción Ana Tiscornia ; fotógrafos Fernando Juan Carlos Rondón, Fernando Grisalez ; traducciones Leslie Carmichael ... [et al.]. aBogotá : bMuseo de Arte Moderno de Bogotá, c2009. a282 páginas : bilustraciones ; c30 cm. aTexto bilingue en español e inglés.14vExposicionesvCatálogos.94407714vExposicionesvCatálogos.94407824vExposicionesvCatálogos.9440791 aEchavarría, Juan Manuel.9440801 aTiscornia, Ana.9440811 aRondón, Juan Carlos,9440821 aCarmichael, Leslie,9440831 aGrisalez, Fernando.944084 c30949d17333 00102ddc40708NFICaCPLbCPLcGENd2024-04-15l0o759.986 M98gp201812374r2025-02-13 08:34:54tEj.1w2025-02-13yBK